Oscar for Best Supporting Actress Films - Statistics

General Stats
  • This quiz has been taken 431 times
    66 since last reset
  • The average score is 40 of 90
Answer Stats
Year Actress Answer % Correct
2022 Jamie Lee Curtis Everything Everywhere All at Once
89%
2013 Lupita Nyong'o 12 Years a Slave
87%
2002 Catherine Zeta-Jones Chicago
87%
2012 Anne Hathaway Les Misérables
87%
2011 Octavia Spencer The Help
87%
2017 Allison Janney I, Tonya
85%
2021 Ariana DeBose West Side Story
85%
1961 Rita Moreno West Side Story
85%
2001 Jennifer Connelly A Beautiful Mind
81%
2006 Jennifer Hudson Dreamgirls
81%
1990 Whoopi Goldberg Ghost
81%
2009 Mo'Nique Precious
79%
1999 Angelina Jolie Girl, Interrupted
74%
1997 Kim Basinger L.A. Confidential
74%
1998 Judi Dench Shakespeare in Love
74%
2004 Cate Blanchett The Aviator
72%
1993 Anna Paquin The Piano
72%
2016 Viola Davis Fences
70%
1979 Meryl Streep Kramer vs Kramer
70%
2019 Laura Dern Marriage Story
70%
1992 Marisa Tomei My Cousin Vinny
70%
2015 Alicia Vikander The Danish Girl
70%
2023 Da'Vine Joy Randolph The Holdovers
66%
2025 Amy Madigan Weapons
66%
2008 Penélope Cruz Vicky Cristina Barcelona
64%
2003 Renée Zellweger Cold Mountain
62%
2005 Rachel Weisz The Constant Gardener
60%
1996 Juliette Binoche The English Patient
60%
2014 Patricia Arquette Boyhood
57%
1987 Olympia Dukakis Moonstruck
57%
2010 Melissa Leo The Fighter
57%
2024 Zoë Saldaña Emilia Pérez
55%
1995 Mira Sorvino Mighty Aphrodite
55%
1939 Hattie McDaniel Gone With the Wind
53%
1986 Dianne Wiest Hannah and Her Sisters
53%
2018 Regina King If Beale Street Could Talk
53%
1973 Tatum O'Neal Paper Moon
53%
1994 Dianne Wiest Bullets Over Broadway
51%
2020 Youn Yuh-Jung Minari
51%
1989 Brenda Fricker My Left Foot
49%
1982 Jessica Lange Tootsie
49%
2000 Marcia Gay Harden Pollock
47%
1985 Anjelica Huston Prizzi's Honor
43%
2007 Tilda Swinton Michael Clayton
40%
1974 Ingrid Bergman Murder on the Orient Express
40%
1988 Geena Davis The Accidental Tourist
40%
1991 Mercedes Ruehl The Fisher King
40%
1971 Cloris Leachman The Last Picture Show
40%
1966 Sandy Dennis Who's Afraid of Virginia Woolf?
40%
1951 Kim Hunter A Streetcar Named Desire
38%
1954 Eva Marie Saint On the Waterfront
38%
1977 Vanessa Redgrave Julia
36%
1976 Beatrice Straight Network
34%
1968 Ruth Gordon Rosemary's Baby
34%
1962 Patty Duke The Miracle Worker
34%
1967 Estelle Parsons Bonnie and Clyde
32%
1969 Goldie Hawn Cactus Flower
32%
1978 Maggie Smith California Suite
32%
1981 Maureen Stapleton Reds
32%
1970 Helen Hayes Airport
30%
1960 Shirley Jones Elmer Gantry
30%
1980 Mary Steenburgen Melvin and Howard
30%
1984 Peggy Ashcroft A Passage to India
28%
1975 Lee Grant Shampoo
28%
1953 Donna Reed From Here to Eternity
26%
1958 Wendy Hiller Separate Tables
26%
1983 Linda Hunt The Year of Living Dangerously
26%
1957 Miyoshi Umeki Sayonara
23%
1965 Shelley Winters A Patch of Blue
21%
1947 Celeste Holm Gentleman's Agreement
21%
1959 Shelley Winters The Diary of Anne Frank
21%
1949 Mercedes McCambridge All the King's Men
19%
1963 Margaret Rutherford The V.I.P.'s
19%
1972 Eileen Heckart Butterflies Are Free
17%
1950 Josephine Hull Harvey
17%
1942 Teresa Wright Mrs. Miniver
17%
1952 Gloria Grahame The Bad and the Beautiful
15%
1964 Lila Kedrova Zorba the Greek
15%
1955 Jo Van Fleet East of Eden
13%
1945 Anne Revere National Velvet
13%
1940 Jane Darwell The Grapes of Wrath
13%
1943 Katina Paxinou For Whom the Bell Tolls
11%
1946 Anne Baxter The Razor's Edge
11%
1938 Fay Bainter Jezebel
9%
1948 Claire Trevor Key Largo
9%
1956 Dorothy Malone Written on the Wind
9%
1936 Gale Sondergaard Anthony Adverse
6%
1937 Alice Brady In Old Chicago
6%
1941 Mary Astor The Great Lie
6%
1944 Ethel Barrymore None But the Lonely Heart
4%
No matching quizzes found
Score Distribution
Percent of People with Each Score
Percentile by Number Answered
Your Score History
You have not taken this quiz since the last reset